ФИО культурных деятелей 18 века - Statistics

General Stats
  • This quiz has been taken 5 times
  • The average score is 3 of 26
Answer Stats
Фамилия Имя, отчество % Correct
Ломоносов Михаил Васильевич
100%
Фонвизин Денис Иванович
100%
Державин Гаврил Романович
50%
Растрелли(старший) Карло Бартоломео
0%
Растрелли(младший) Бартоломео Франческо
0%
Шубин Федот Иванович
0%
Кваренги Джакомо
0%
Казаков Матвей Федорович
0%
Матвеев Андрей Матвеевич
0%
Лосенко Антон Павлович
0%
Боровиковский Владимир Лукич
0%
Левицкий Дмитрий Григорьевич
0%
Никитин Иван Никитич
0%
Вишняков Иван Яковлевич
0%
Антропов Алексей Петрович
0%
Аргунов Иван Петрович
0%
Рокотов Федор Степанович
0%
Баженов Василий Иванович
0%
Фельтен Юрий Матвеевич
0%
Кантемир Антиох Дмитриевич
0%
Тредиаковский Василий Кириллович
0%
Волков Федор Григорьевич
0%
Сумараков Александр Петрович
0%
Карамзин Николай Михайлович
0%
Старов Иван Егорович
0%
Ринальди Антонио
0%
No matching quizzes found
Score Distribution
Percent of People with Each Score
Percentile by Number Answered
Your Score History
You have not taken this quiz